Уголовное право Российской Федерации. Особенная часть (Запись № 995633)

Подробности
000 -МАРКЕР
контрольное поле 02584nam0a2200409 4500
001 - ИДЕНТИФИКАТОР ЗАПИСИ
контрольное поле RU\NLR\bibl\1672103
005 - ИДЕНТИФИКАТОР ВЕРСИИ
контрольное поле 20260408133044.0
010 ## - МЕЖДУНАРОДНЫЙ СТАНДАРТНЫЙ НОМЕР КНИГИ (ISBN)
Номер (ISBN) 978-5-16-003456-0
Уточнения ИНФРА-М
010 ## - МЕЖДУНАРОДНЫЙ СТАНДАРТНЫЙ НОМЕР КНИГИ (ISBN)
Номер (ISBN) 978-5-98209-034-8
Уточнения КОНТРАКТ
Тираж 60000
021 ## - НОМЕР ГОСУДАРСТВЕННОЙ РЕГИСТРАЦИИ
Код страны российская федерация
Номер 2010-59442
Номер Листа государственной регистраци 3892
021 ## - НОМЕР ГОСУДАРСТВЕННОЙ РЕГИСТРАЦИИ
Код страны российская федерация
Номер 2011-71168
Номер Листа государственной регистраци 5047
035 ## - ДРУГИЕ СИСТЕМНЫЕ НОМЕРА
Идентификатор записи (NLR Aleph) 001663355
100 ## - ДАННЫЕ ОБЩЕЙ ОБРАБОТКИ
Данные общей обработки 20100907d2011 |||y0rusy50 ca
101 0# - ЯЗЫК РЕСУРСА
Язык текста, звукозаписи и т.д. русский
102 ## - СТРАНА ПУБЛИКАЦИИ ИЛИ ПРОИЗВОДСТВА
Страна публикации российская федерация
105 ## - ПОЛЕ КОДИРОВАННЫХ ДАННЫХ: ТЕКСТОВЫЕ МАТЕРИАЛЫ, МОНОГРАФИЧЕСКИЕ
Кодированные данные о монографическом текстовом документе y |||||||||
200 1# - ЗАГЛАВИЕ И СВЕДЕНИЯ ОБ ОТВЕТСТВЕННОСТИ
Основное заглавие Уголовное право Российской Федерации. Особенная часть
Сведения, относящиеся к заглавию учебник
-- для студентов высших учебных заведений, обучающихся по специальности 030501 (021100) "Юриспруденция"
Первые сведения об ответственности [Грачева Ю.В., к.ю.н., доц., Ермакова Л.Д., к.ю.н., проф., Есаков Г.А., д.ю.н. и др.]
Последующие сведения об ответственности под ред. д.ю.н., проф. Л.В. Иногамовой-Хегай [и др.]
-- Моск. гос. юрид. акад.
205 ## - СВЕДЕНИЯ ОБ ИЗДАНИИ
Сведения об издании Изд. 2-е, испр. и доп.
210 ## - ПУБЛИКАЦИЯ, РАСПРОСТРАНЕНИЕ И ДР.
Место издания, распространения и т.д. Москва
Имя издателя, распространителя и т. д. ИНФРА-М
-- КОНТРАКТ
Дата издания, распространения и т.д. 2011 [т.е. 2010]
215 ## - ФИЗИЧЕСКАЯ ХАРАКТЕРИСТИКА
Специфическое обозначение материала и объем VI, 793 с.
Размеры 22
225 1# - СЕРИЯ
Основное заглавие серии Высшее образование
300 ## - ОБЩИЕ ПРИМЕЧАНИЯ
Текст примечания Авт. указаны на с. III
300 ## - ОБЩИЕ ПРИМЕЧАНИЯ
Текст примечания Кн. фактически изд. в 2010 г.
606 1# - НАИМЕНОВАНИЕ ТЕМЫ КАК ПРЕДМЕТ
Наименование темы Уголовное право
Формальный подзаголовок Учебники для высших учебных заведений
Тематический подзаголовок Особенная часть
Географический подзаголовок Российская Федерация
Системный номер авторитетной/нормативной записи 2089385
Идентификатор авторитетной/нормативной записи RU\NLR\auth\661264774
686 ## - ИНДЕКСЫ ДРУГИХ КЛАССИФИКАЦИЙ
Индекс Х628.11я73
701 #1 - ИМЯ ЛИЦА - АЛЬТЕРНАТИВНАЯ ОТВЕТСТВЕННОСТЬ
Код отношения Автор
Графика поля Кириллица
Материалы, к которым относится поле rus
Начальный элемент ввода Грачева
Часть имени, кроме начального элемента ввода Ю. В.
Дополнения к именам, кроме дат д-р юрид. наук
Расширение инициалов личного имени Юлия Викторовна
Идентификатор авторитетной/нормативной записи RU\NLR\auth\7727764
Системный номер авторитетной/нормативной записи 10795
701 #1 - ИМЯ ЛИЦА - АЛЬТЕРНАТИВНАЯ ОТВЕТСТВЕННОСТЬ
Код отношения Автор
Материалы, к которым относится поле rus
Графика поля Кириллица
Начальный элемент ввода Ермакова
Часть имени, кроме начального элемента ввода Л. Д.
Дополнения к именам, кроме дат канд. юрид. наук
Расширение инициалов личного имени Ленина Дмитриевна
Идентификатор авторитетной/нормативной записи RU\NLR\auth\7727777
Системный номер авторитетной/нормативной записи 10808
701 #1 - ИМЯ ЛИЦА - АЛЬТЕРНАТИВНАЯ ОТВЕТСТВЕННОСТЬ
Код отношения Автор
Материалы, к которым относится поле rus
Графика поля Кириллица
Начальный элемент ввода Есаков
Часть имени, кроме начального элемента ввода Г. А.
Даты 1978-
Расширение инициалов личного имени Геннадий Александрович
Идентификатор авторитетной/нормативной записи RU\NLR\auth\7719080
Системный номер авторитетной/нормативной записи 2154
702 #1 - ИМЯ ЛИЦА - ВТОРИЧНАЯ ОТВЕТСТВЕННОСТЬ
Код отношения Редактор
Материалы, к которым относится поле rus
Графика поля Кириллица
Начальный элемент ввода Иногамова-Хегай
Часть имени, кроме начального элемента ввода Л. В.
Даты 1954-
Расширение инициалов личного имени Людмила Валентиновна
Идентификатор авторитетной/нормативной записи RU\NLR\auth\7710183
Системный номер авторитетной/нормативной записи 119965
712 02 - НАИМЕНОВАНИЕ ОРГАНИЗАЦИИ - ВТОРИЧНАЯ ОТВЕТСТВЕННОСТЬ
Код отношения Прочие
Начальный элемент ввода Московская государственная юридическая академия им. О. Е. Кутафина
Идентификатор авторитетной/нормативной записи RU\NLR\AUTH\880617251
Системный номер авторитетной/нормативной записи 2645259
801 #0 - ИСТОЧНИК ЗАПИСИ
Страна российская федерация
Организация NLR
Дата составления 20100907
Правила каталогизации RCR
801 #1 - ИСТОЧНИК ЗАПИСИ
Страна российская федерация
Организация NLR
Дата составления 20100907
942 ## - ДОПОЛНИТЕЛЬНЫЕ ЭЛЕМЕНТЫ ЗАПИСИ (АБИС)
Тип экземпляра АБИС Книга
980 ## - КОЛЛЕКЦИЯ
Название коллекции Национальная библиография
Экземпляры
Тип экземпляра Дата поступления Источник поступления Библиотека постоянного хранения Библиотека текущего хранения Место хранения Шифр хранения Штрих-код Статус не для выдачи Стоимость
Книга 07.09.2010 Обязательный экземпляр РНБ (Московский) РНБ (Московский) Русский книжный фонд: издания с 1957 года, 8этаж 2010-5/7687 3244079    
Книга 14.10.2011 Обязательный экземпляр РНБ (Московский) РНБ (Московский) Русский книжный фонд: издания с 1957 года, 8этаж 2010-5/7687 3508605    
Книга 14.10.2011 Обязательный экземпляр РНБ (Московский) РНБ (Московский) Фонд общего зала социально-экономической литературы С1 Х628.11/У-261-Г 1-577231   0.00
Книга 07.09.2010 Обязательный экземпляр РНБ (Садовая) РНБ (Садовая) Универсальный читальный зал У Х628.11/У-261 1-173454